000 00526nam a2200193Ia 4500
005 20260120130659.0
008 008 260114s9999 xx 000 0 eng d
020 _a9780191670596
037 _aEBOOK
040 _aCRL
_beng
_cCRL
041 _aeng
_2eng
084 _qCRL
100 _aSt. Clair
_9917919
245 0 _aLord Elgin and the Marbles
260 _bOxford University PressOxford University Press
_c2011
856 _uhttps://academic.oup.com/book/26344
942 _cEBOOK
999 _c1509824
_d1509824